Statystyki dla Rozpoznaj Wykonawcę i Utwór po pierwszych wierszach #1 -Muzyka Polska

Kliknij tutaj aby rozwiązać quiz!

Ogólne statystyki

  • Ten quiz został rozwiązany 2 918 razy
  • Średni wynik to 19 z 50

Statystyki odpowiedzi

Lp.SłowaWykonawcaTytuł% Poprawnych
10Baśka miała fajny biust, Ania styl, a Zośka coś co lubię. Ela całowała cudnie, nawet tuż po swoim ślubie...WilkiBaśka
83%
Baśka
81%
13Miałem dziesięć lat Gdy usłyszał o nim świat W mej piwnicy był nasz klub Kumpel radio zniósł....PerfectAutobiografia
75%
11Mam, tak samo jak ty, miasto moje, a w nim najpiękniejszy mój świat, najpiękniejsze dni, zostawiłem tam kolorowe sny.Czesław NiemenSen o Warszawie
74%
3I nawet kiedy będę sam Nie zmienię się, to nie mój świat, Przede mną droga którą znam, Którą ja wybrałem sam.MyslovitzDługość Dźwięku Samotności
71%
Orła Cień
71%
Agnieszka
70%
Sen o Warszawie
70%
16To Twoja flaga, nasz młody przyjacielu Nie musisz kochać jej barw, o nie To Twoja armia i życie w ciągłym biegu Nigdy nie będziesz już samBajmBiała Armia
69%
Autobiografia
68%
22Było ciepłe lato, choć czasem padało Dużo wina się piło i mało się spało Tak zaczęła się wakacyjna przygoda On był jeszcze młody i ona była młodaŁzyAgnieszka
66%
12Stała pod ścianą sącząc kakao Kapela cięła walca na sześć Spytałem skromnie: "czy pójdziesz do mnie ?" Kiwnęła głową zgadzając się:Lady PankNa co Komu Dziś
64%
Biała Armia
61%
Długość Dźwięku samotności
60%
1Gdzie oni są? Ci wszyscy moi przyjaciele -ele-ele-ele-ele-ele, zabrakło ich....RepublikaBiała Flaga
56%
15Ta niedziela jest jak film, tani klasy "B", Facet się pałęta w nim w nieciekawym tle, Scenarzysta forsę wziął, potem zaczął pić I z dialogów wyszło dno, zero, czyli nic.Budka SufleraBal Wszystkich Świętych
54%
23Widziałam orła cień Do góry wzbił się niczym wiatr Niebo to jego świat Z obłokiem tańczył w świetle dniaVarius ManxOrła Cień
54%
Na co Komu Dziś
47%
Biała Flaga
45%
4Ach ci ludzie, to brudne świnie, Co napletli o mojej dziewczynie, Jakieś bzdury o jej nałogach, To po prostu litość i trwoga.KULTBaranek
44%
Szklana Pogoda
41%
Bal Wszystkich Świętych
39%
9Nieużyty frak, dziurawy płaszcz, znoszony but. Zapomniany szal zaszył się w kąt niemodny już.ZakopowerBoso
39%
Boso
37%
19Nad ogromną betonową wsią, Zwolna gaśnie słoneczna żarówka. Pod ogromną betonową wieś, Kocim krokiem podchodzi szarówka.LombardSzklana Pogoda
37%
Baranek
34%
5Spróbuj powiedzieć to nim uwierzysz że nie warto mówić kocham Spróbuj uczynić gest nim uwierzysz, że nic nie warto robić.HeyMoja i Twoja Nadzieja
32%
7Dzisiaj rano niespodzianie zapukała do mych drzwi Wcześniej niż oczekiwałem przyszły te cieplejsze dni Zdjąłem z niej zmoknięte palto, posadziłem vis a vis.Marek GrechutaWiosna, ach to ty
29%
W Moim Ogrodzie
29%
Moja i Twoja Nadzieja
28%
24W końcu powiem ci co myślę, tak prosto w twarz kiedy cię widzę to się wstydzę że ciągle nosi ciebie światObywatel GCTak.. Tak... to ja
28%
Wojenka
25%
21W moim ogrodzie, gdzie czas leniwy Powolną strugą płynął wytrwale, W moim ogrodzie, gdzie jeszcze nigdy, Tak dawno słów przyjaznych parę.DaabW Moim Ogrodzie
24%
O Ela
23%
Wiosna ach to ty
22%
2Raz i dwa, raz i dwa, Dziewczynka Wojenka na imię ma. Trzy i cztery, trzy i cztery, Dziwne ona ma maniery.Lao CheWojenka
21%
25Byłaś naprawdę fajną dziewczyną I było nam razem naprawdę miło Lecz tamten to chłopak był bombowy Bo trafiał w dziesiątkę w strzelnicy sportowejChłopcy z Placu BroniO Ela
20%
Tak... tak... to ja
20%
14Rzecz między nami była cicha Westchnąłem do ciebie Tak jak się wzdycha I było nam ciasno, miło Dużo się spało i często się piło No i czego, czego jeszcze chcesz?Formacja Nieżywych SchabuffLato
19%
Lato
18%
20Poeci umierają, Składają talent swój na grobach Swych nałogów Panie, wybacz, wybacz im Poeci umierają w pałacach swych, W biedzie swej Pod okiem władzy są zupełnie nadzy Nadzy, nadzy, nadzy, nadzyT. LovePoeci Umierają
17%
18Tak, już jest, oddycha za mną tuż-tuż. Boję się powiedzieć coś... Nie! To nieprawda! To sen! Słyszę szept i drżę jak liść. On tu jest, próbuje dotknąć mnie... Wiem, że On, chce poczuć moją krew. Z ust sączy się zielonej piany nić...O.N.A.On tu Jest
13%
17Kim jest ten pan, który prosi o kawałek chleba On stoi sam, bo od pięciu lat nikogo już nie ma Po mieście włóczy się i szuka miejsca do schronienia Jedyne co ma to podarte buty i jego marzenia....EnejPaństwo B
10%
Poeci Umierają
5%
8Są dni kiedy się śmieję są kiedy jest mi smutno fortuna bywa miłą lecz bywa też okrutną czasami deszcz mnie zmoczy czasami słońce spali...Farben LehrePozytywka
4%
On Tu Jest
4%
Państwo B
4%
Pozytywka
3%
Oko
2%
6Szkoda nie widzisz, że każdego dnia przestaje wierzyć Wam więcej z nas ten kręgosłup zbudowany z kłamstw medialny sterowany fałsz.Power of TrinityOko
1%

Rozkład punktacji

Percentyl według liczby udzielonych odpowiedzi

Procent ludzi z każdym wynikiem

Twoja historia wyników

Nie rozwiązałeś tego quizu